Normal view
MARC view
Entry Topical Term
001 - CONTROL NUMBER
- control field: 244497
003 - CONTROL NUMBER IDENTIFIER
- control field: OSt
005 - DATE AND TIME OF LATEST TRANSACTION
- control field: 20251107093739.0
008 - FIXED-LENGTH DATA ELEMENTS
- fixed length control field: 251107|| aca||aabn | a|a d
040 ## - CATALOGING SOURCE
- Original cataloging agency: OSt
- Transcribing agency: OSt
150 ## - HEADING--TOPICAL TERM
- Topical term or geographic name entry element: Kumaravyasa
670 ## - SOURCE DATA FOUND
- Source citation: Work cat.: (OSt)118978: MITRA (A Ra) ಮಿತ್ರ (ಅ. ರಾ.) 244495, Kumaravyasa Bharatha sangraha, 2014